Manual de instalaciones eléctricas residenciales e industriales

Bibliographic Details
Main Author: Enríquez Harper, Gilberto
Format: Section = Libro
Language:Undetermined
Spanish
Published: México Limusa 2000
Edition:2a.ed.
Subjects:
LEADER 00733nam a2200229Ia 4500
008 240829s9999 xx 000 0 und d
020 |a 968-18-5195-1 
040 |a BIBLIOTECA-RUSB/ 621.31924 E59 
041 |a spa 
082 |a 621.31924 E59 
100 1 |a Enríquez Harper, Gilberto 
245 1 0 |a Manual de instalaciones eléctricas residenciales e industriales 
250 |a 2a.ed. 
260 |a México  |b Limusa  |c 2000 
300 |a 440 p. :il. 
650 7 |a INSTALACIONES ELECTRICAS - PROTECCION 
650 7 |b  CORTOCIRCUITOS - INSTALACIONES INDUSTRIALES - COMERCIALES 
650 7 |c  DISPOSITIVOS - PROTECCIÓN DE SISTEMAS 
650 7 |d  PROTECCION DE TRANSFORMADORES - POTENCIA 
942 |c BK  |2 ddc 
991 |a TEXTO 
999 |c 3177